000 00644nam a2200205Ia 4500
003 BUBTL
008 151213s9999 xx 000 0 und d
020 _a997151308-0
100 _aMichal D. Albertson & John P. Hutchinson
245 _a`Discrete Mathematics with B Algorithms
_cMichal D. Albertson & John P. Hutchinson
260 _aNew York
_bJohn Wiley & Sons
_c2000
300 _a546p . :
_bTable ; 23cm .
500 _aIncludes Index .
650 _aMathematics
650 _aMathematics
700 _aMichal D. Albertson & John P. Hutchinson
856 _k0
_l0
_yDownload
942 _2ddc
_cBK
999 _c3349
_d3349